Curso de contabilidad (Registro nro. 1671)

Detalles MARC
000 -LEADER
fixed length control field 01894 a2200229 4500
001 - CONTROL NUMBER
control field 28197
005 - DATE AND TIME OF LATEST TRANSACTION
control field 20260407155554.0
008 - FIXED-LENGTH DATA ELEMENTS--GENERAL INFORMATION
fixed length control field 260407a1963 arg spa d
003 - CONTROL NUMBER IDENTIFIER
control field AR-UNSa-BCEJYS
040 ## - CATALOGING SOURCE
Original cataloging agency AR-UNSa-BCEJYS
Language of cataloging spa
Transcribing agency AR-UNSa-BCEJYS
080 ## - UNIVERSAL DECIMAL CLASSIFICATION NUMBER
Universal Decimal Classification number 657
Common auxiliary subdivision Contabilidad
100 1# - MAIN ENTRY--PERSONAL NAME
Personal name Finney, H.A.
245 10 - TITLE STATEMENT
Title Curso de contabilidad
Name of part/section of a work Intermedia
250 ## - EDITION STATEMENT
Edition statement 2a. ed
264 #1 - PRODUCTION, PUBLICATION, DISTRIBUTION, MANUFACTURE, AND COPYRIGHT NOTICE
Place of production, publication, distribution, manufacture México :
Name of producer, publisher, distributor, manufacturer Unión Tipográfica Editorial Hispano-Americana (UTEHA)
Date of production, publication, distribution, manufacture, or copyright notice 1963
300 ## - PHYSICAL DESCRIPTION
Extent 2 v.(979; 560 p.)
Dimensions 23 cm.
505 ## - FORMATTED CONTENTS NOTE
Formatted contents note Vol. I: Teoría y preguntas y problemas: 1. Procedimiento de contabilidad - 2. Hojas de trabajo. Procedimientos de cierre - 3. Estados financieros - 4. Concepto de la utilidad neta y correcciones a los resultados de ejercicios anteriores - 5. Capital social - 6. Superávit y dividendos - 7. Tópicos diversos relacionados con el capital contable - 8. Principios de contabilidad generalmente aceptados - 9. Efectivo - 10. Partidas a cobrar - 11. Inventarios - 12. Inventarios (continuación) - 13. Inventarios (concluye) - 14. Inversiones - 15. Inversiones (concluye) - 16. Activo fijo tangible - 17. Activo fijo tangible (continúa) - 18. Activo fijo tangible (concluye) - 19. Activo intangible - 20. Pasivo y reservas - 21. Interpretación de los estados financieros - 22. El análisis del capital de trabajo - 23. Análisis de las operaciones - 24. Estado de aplicación de fondos - 25. Estado de la corriente de efectivo - 26. Estados preparados de registros incompletos - 27. Cuasi-reorganizacioes. Combinaciones de negocios. Reorganizaciones divisivas - 28. Distribución de impuesto sobre la renta - 29. Impacto del nivel de los precios sobre los estados financieros -- Vol. II: Soluciones a los problemas y respuestas a las preguntas
590 ## - LOCAL NOTE (RLIN)
Local note niveau_biblio:m niveau_hierar:0
700 1# - ADDED ENTRY--PERSONAL NAME
Personal name Miller, Herbert E.
700 1# - ADDED ENTRY--PERSONAL NAME
Personal name Guasch Rubio, Luis
942 ## - ADDED ENTRY ELEMENTS (KOHA)
Koha item type
Existencias
Withdrawn status Lost status Damaged status Not for loan Home library Current library Shelving location Date acquired Total checkouts Full call number Barcode Date last seen Price effective from Koha item type
        Biblioteca Prof. Eusebio Cleto del Rey Biblioteca Prof. Eusebio Cleto del Rey   07/04/2026   657 B582 v.3 2ed. L22354 07/04/2026 07/04/2026 Libro
        Biblioteca Prof. Eusebio Cleto del Rey Biblioteca Prof. Eusebio Cleto del Rey   07/04/2026   657 B582 v.3 2ed. L24548 07/04/2026 07/04/2026 Libro
        Biblioteca Prof. Eusebio Cleto del Rey Biblioteca Prof. Eusebio Cleto del Rey   07/04/2026   657 B582 v.4 2ed. L22355 07/04/2026 07/04/2026 Libro
        Biblioteca Prof. Eusebio Cleto del Rey Biblioteca Prof. Eusebio Cleto del Rey   07/04/2026   657 B582 v.4 2ed. L24549 07/04/2026 07/04/2026 Libro